Descentralización desarrolo local y gobernabilidad en centro América / Angel Saldomando ; Rakael Cardona
Descripción Física:
214 p. 21 cm
MARC
| LEADER | 00000nam a2200000Ia 4500 | ||
|---|---|---|---|
| 001 | 24217 | ||
| 008 | 160829s2005 xx 000 0 cat d | ||
| 080 | |a Bib-194 | ||
| 100 | |a Saldomando, Angel |9 49610 | ||
| 245 | |a Descentralización desarrolo local y gobernabilidad en centro América / Angel Saldomando ; Rakael Cardona | ||
| 260 | |a San Salvador : |b CONFEDELCA, |c 2005 | ||
| 300 | |a 214 p. 21 cm | ||
| 590 | |a En la contracoberta: Diputació de Barcelona i GTZ (Cooperación técnica alemana) | ||
| 650 | |a Descentralització administrativa |x Amèrica Central |9 49611 | ||
| 650 | |a Desenvolupament comunitari |x Amèrica Central |9 49648 | ||
| 700 | |a Conferencia centroamericana por la descentralización del estado y el desarrollo local |9 49613 | ||
| 700 | |a Cooperación Técnica Alemana I |9 49614 | ||
| 700 | |a Cardona, Rakael |9 49615 | ||
| 710 | 1 | |a Barcelona (Catalunya : Província). |b Diputació |9 52408 | |
| 901 | |a Arxiu | ||
| 942 | |n 1 | ||
| 952 | |0 0 |1 0 |4 0 |6 BIB194 |7 1 |9 55479 |a Arxiu |b Arxiu |d 2016-12-01 |l 0 |o Bib-194 |p 24217 |r 2016-12-01 00:00:00 |w 2016-12-01 |y ARXIU | ||
| 999 | |c 59352 |d 59352 | ||